| 000 | 00808nam a2200205 a 4500 | ||
|---|---|---|---|
| 001 | 55715 | ||
| 003 | BD-RjUL | ||
| 005 | 20211209080314.0 | ||
| 008 | 161121s1968 ii ||||| |||| 00| 0 ben d | ||
| 035 | _a(BD-RjUL)55839 | ||
| 040 |
_aBD-RjUL _bben _cBD-RjUL _dBD-RjUL |
||
| 041 | _aben | ||
| 082 |
_223 _a891.4409 _bPRE 1986 |
||
| 245 | 0 | 0 | _aপ্রেমেন্দ্র মিত্রের সাহিত্য পরিক্রমা / |
| 260 |
_aকলিকাতা : _bপ্রাইমা পাবলিকেশনস্, _c১৯৮৬. |
||
| 300 |
_a৫৯৯ পৃ. ; _c২২ সেমি. |
||
| 650 |
_aবাংলা সাহিত্য _vইতিহাস ও সমালোচনা _9117445 |
||
| 650 |
_aBengali literature _vHistory and Criticism _9165940 |
||
| 942 |
_2ddc _cBK |
||
| 999 |
_c55715 _d55715 |
||